Statistiques concernant Tous les pokémon d' Adrien

Cliquez ici pour prendre le quiz!

Statistiques générales

  • Ce quiz a été pris 29 fois
  • Le résultat moyen est 9 sur 13

Statistiques - réponses

HintRéponse% Correct
Simiabraz
100%
Diamant & PerleGalopa
94%
Démolosse
88%
Maganon
88%
Grodrive
75%
Diamant étincelant
& Perle scintillante
Feunard
69%
Lockpin
69%
PlatinePyroli
69%
Arcanin
63%
Steelix
63%
Braségali
50%
Motisma (Chaleur)
50%
Entei
44%

Distribution des résultats

Percentile par nombre de réponses

% des personnes avec chaque résultat

Votre développement - résultats

Vous n’avez pas pris ce quiz